Extreme Netherlands Immigration by Country - Statistics

General Stats
  • This quiz has been taken 138 times
  • The average score is 45 of 54
Answer Stats
# Immigrants Country % Correct
123,136 Belgium
100%
220,980 Poland
99%
97,844 United Kingdom
99%
429,978 Turkey
98%
49,246 United States
98%
342,925 Germany
97%
52,389 France
94%
54,269 Spain
94%
126,260 Syria
94%
65,399 India
93%
419,272 Morocco
93%
48,563 Romania
93%
35,332 Russia
93%
17,266 Canada
92%
84,435 China
92%
349,301 Indonesia
92%
52,099 Iran
92%
64,398 Italy
92%
38,125 Brazil
91%
67,757 Iraq
91%
31,306 Portugal
91%
31,480 Greece
90%
19,361 Serbia
90%
29,483 Egypt
89%
20,802 Ukraine
89%
50,305 Bulgaria
87%
12,080 Ireland
87%
27,261 Pakistan
87%
26,658 Philippines
87%
28,210 Hungary
85%
16,216 Austria
84%
11,593 Czech Republic
84%
10,786 Slovakia
83%
31,693 South Africa
83%
12,964 Switzerland
83%
39,265 Bosnia and Herzegovina
82%
359,814 Suriname
82%
23,390 Thailand
82%
54,991 Afghanistan
81%
17,722 Australia
81%
11,247 Tunisia
81%
13,181 Croatia
80%
41,064 Somalia
79%
25,135 Vietnam
78%
21,853 Colombia
76%
16,140 Nigeria
76%
28,635 Ethiopia
72%
11,889 Lithuania
70%
10,810 Israel
62%
14,708 Sri Lanka
62%
26,694 Ghana
58%
25,080 Eritrea
56%
16,820 Dominican Republic
53%
23,150 Cape Verde
16%
No matching quizzes found
Score Distribution
Percent of People with Each Score
Percentile by Number Answered
Your Score History
You have not taken this quiz